000 00251nam a22001217a 4500
008 180922b xxu||||| |||| 00| 0 eng d
041 _aeng
080 _a610-053.2
100 _a8
101 _aPED
245 _aPFCCS
_cMadden, M.A
942 _2udc
_cBK
999 _c48281
_d48281